01600nam a2200361 a 4500001001000000003000500010005001700015008004100032010001100073011001100084040000900095090001000104100004600114245020800160260004100368500006000409502008600469590004000555590004000595590004000635650002900675650004100704650003300745650004600778700003600824856007000860901000700930942001000937942000600947999001900953952013100972952013501103000114358CHAP20220329144437.0180115s2017 mx a fsm |||||||spa d a110819 a111791 cCHAP aTesis1 aGonzález Espíritu, David Abel913435110aRendimiento y sus componentes en dos variedades de jitomate, con diferentes arreglos de plantas en dosel en forma de escalera /h[En línea]cpor David Abel González Espiritu y Juvenal Pablo Santiago. aChapingo, Méx. :bEl autor,c2017. aPara ver el contenido del material haga clic en la liga aTesis ( Agrónomo en Horticultura Protegida) -- UACH. Departamento de Fitotecnia aE8697GMMb05c20180115lUCH01h1451 aE8697GMMb05c20180115lUCH01h1453 aE8697GMMb05c20180116lUCH01h113114aTomatexCalidad.911369214aTomatexDensidad de siembra.913281114aTomatexRendimiento.911376114aTomatexSistemas de Producción.91137671 aPablo Santiago, Juvenal9134352 aFinding aiduhttp://10.13.5.2/tesis/sist114358.pdfzTeclea aquí aBK cTESIS n0 c110819d110819 00104054718TESISaBCbBCd2018-01-15fTESISl0oTesisp114359-10r2019-12-31 00:00:00w2019-12-31yTESISzRecien adquirido 00102local4053708TESISaBCbBCcPA_TESISd2018-01-15fTESISl0oTesisp114359-20r2019-12-31 00:00:00tc.2w2019-12-31yTESIS